Opus nigrum / (Record no. 185452)

MARC details
000 -LEADER
campo de control de longitud fija 00714nam a2200229 i 4500
001 - NÚMERO DE CONTROL
campo de control 185452
003 - IDENTIFICADOR DE NÚMERO DE CONTROL
campo de control SpMaBN
005 - FECHA Y HORA DE LA ÚLTIMA TRANSACCIÓN
campo de control 20230906222435.0
008 - DATOS DE LONGITUD FIJA--INFORMACIÓN GENERAL
campo de control de longitud fija 160606s1988 sp |||| | spa d
020 ## - NÚMERO INTERNACIONAL ESTÁNDAR DEL LIBRO
Número Internacional Estándar del Libro 84-204-2219-3
080 ## - NÚMERO DE LA CLASIFICACIÓN DECIMAL UNIVERSAL
Número de la Clasificación Decimal Universal 821.133.1-31"19"
100 1# - ENTRADA PRINCIPAL--NOMBRE DE PERSONA
Nombre de persona Yourcenar, Marguerite.
9 (RLIN) 117708
245 10 - MENCIÓN DEL TÍTULO
Título Opus nigrum /
Mención de responsabilidad, etc. Marguerite Yourcenar ; traducción de Emma Calatayud.
250 ## - MENCION DE EDICION
Mención de edición 1ª ed.,1982
Resto de la mención de edición 12ª reimp.
260 ## - PUBLICACIÓN, DISTRIBUCIÓN, ETC.
Lugar de publicación, distribución, etc. Madrid :
Nombre del editor, distribuidor, etc. Alfaguara,
Fecha de publicación, distribución, etc. 1988.
300 ## - DESCRIPCIÓN FÍSICA
Extensión 380 p. ;
Dimensiones 20 cm.
490 1# - MENCIÓN DE SERIE
Mención de serie Literatura Alfaguara
700 1# - ENTRADA AGREGADA--NOMBRE PERSONAL
Nombre de persona Calatayud, Emma.
9 (RLIN) 33533
830 0# - PUNTO DE ACCESO ADICIONAL DE SERIE-TÍTULO UNIFORME
Título uniforme Literatura Alfaguara
9 (RLIN) 178100
852 ## - LOCALIZACIÓN
Ubicación ES-MaACL
Número de control de estantería L-30336
Nota libre . - Donat. Miguel A. Velasco
Holdings
Estatus retirado Estado de pérdida Estado de daño No para préstamo Biblioteca de origen Biblioteca actual Ubicación en estantería Fecha de adquisición Fuente de adquisición Total de préstamos Signatura topográfica completa Código de barras Visto por última vez Precio de reemplazo Tipo de ítem Koha
        Biblioteca del Ateneo de Madrid Biblioteca del Ateneo de Madrid Depósito 2 06/06/2016     L-30336 1195389 23/02/2023 23/02/2023 Libro impreso